Belwin full orchestra 2003-2004. (Record no. 109640)
[ view plain ]
| 000 -LEADER | |
|---|---|
| fixed length control field | 00312nam a2200121 a 4500 |
| 005 - DATE AND TIME OF LATEST TRANSACTION | |
| control field | 20140414093847.0 |
| 008 - FIXED-LENGTH DATA ELEMENTS--GENERAL INFORMATION | |
| fixed length control field | 100223s19uu xx uuu eng d |
| 050 ## - LIBRARY OF CONGRESS CALL NUMBER | |
| Classification number | CDB 784.193 |
| Item number | BEL 1947 |
| 245 ## - TITLE STATEMENT | |
| Title | Belwin full orchestra 2003-2004. |
| 650 ## - SUBJECT ADDED ENTRY--TOPICAL TERM | |
| Topical term or geographic name as entry element | Music |
| General subdivision | Study and teaching. |
| 942 ## - ADDED ENTRY ELEMENTS (KOHA) | |
| Koha item type | Audio Visual Materials |
| Withdrawn status | Lost status | Damaged status | Home library | Current library | Shelving location | Date acquired | Source of acquisition | Total Checkouts | Full call number | Barcode | Date last seen | Price effective from | Koha item type |
|---|---|---|---|---|---|---|---|---|---|---|---|---|---|
| Luxembourg Library | Luxembourg Library | Audio Visual Material Section | 02/23/2010 | CDB 784.193 BEL 1947 | AV1290 | 04/14/2014 | 04/14/2014 | Audio Visual Materials |